| 000 | 00644cam a22002172 4500 | ||
|---|---|---|---|
| 001 | 0000019260 | ||
| 005 | 20151217152150.0 | ||
| 008 | 101022s xx 000 0 eng d | ||
| 020 | _a063113462x : | ||
| 040 |
_aKABU _cKABU |
||
| 100 | 1 |
_aFasold, Ralph. _@0000178058 |
|
| 245 | 1 | 4 |
_aThe Sociolinguistics of society / _cRalph Fasold. |
| 250 | _a1st ed. | ||
| 260 |
_aOxford : _bBlackwell, _c1984. |
||
| 300 | _axiii, 335 p. | ||
| 650 | 0 |
_aSociolinguistics. _@0000167914 |
|
| 852 | 1 | _9p4550 KES | |
| 852 | 1 | _9p4550 KES | |
| 908 | _a101022 | ||
| 950 | _@1 | ||
| 999 |
_c8904 _d8904 |
||